A Tourist's View of Berlin Quiz Stats

Quiz Updated Nov 10, 2017

Challenge
Share
Tweet
Score 0/20 Timer 07:00
36 Plays Today
% Correct
Pariser Platz mit dem Brandenburger Tor
95.1%
Berliner Mauer
86.6%
Checkpoint Charlie
76.6%
Olympiastadion
74.3%
Reichstag
62.2%
Fernsehturm am Alexanderplatz
54.9%
Denkmal für die ermordeten Juden Europas
50.1%
Berliner Dom
46.5%
Zoologischer Garten
45.9%
Sony Center am Potsdamer Platz
45.4%
% Correct
Schloss Charlottenburg
39.4%
Museumsinsel
31.3%
Siegessäule
30.5%
Rotes Rathaus
29.7%
Berlin Hauptbahnhof
28.9%
Französischer Dom
23.7%
Trabant
22.9%
Kurfürstendamm
15%
Humboldt-Universität zu Berlin
13.2%
Sowjetisches Ehrenmal im Treptower Park
11.1%

You're not logged in!

Compare scores with friends on all Sporcle quizzes.
Sign Up with Email
OR
Log In

You Might Also Like...

Show Comments

Extras

Top Quizzes Today


Score Distribution

Your Account Isn't Verified!

In order to create a playlist on Sporcle, you need to verify the email address you used during registration. Go to your Sporcle Settings to finish the process.